00880nam a22002657a 4500999001500000001000600015003000900021005001700030008004100047020001500088040003800103082002000141100002500161245009300186250001200279260004200291300003100333500001900364650002100383650002000404700002200424700002300446942001200469952013300481 c3775d377515390BD-DhUAP20200311160236.0200311s1996 nyu||||| |||| 001 0 eng d a0393968200 aBD-DhUAPbEngcBD-DhUAPdBD-DhUAP 223a821.008 FER aFerguson, Margaret.  aThe Norton anthology of poetry /cMargaret Ferguson, Mary Jo Salter and Jon Stallworthy. a4th ed. aNew York :bNorton & company,cc1996. alxxx, 1998 pages ;c24 cm. aInclude index. aAmerican poetry. aEnglish poetry. aSalter, Mary Jo.  aStallworthy, Jon.  2ddccBK 00102ddc4070aUAPCLbUAPCLcGeneral Stacksd2020-03-11l1o821.008 FERp3010015390r2022-08-01s2022-08-01t1w2020-03-11yBK